Представление документа в формате RUSMARC

ПолеНазваниеЗначение
  Тип записи a
  Библиографический уровень a
001 Контрольный номер RU/УОНБ/EK_Kray/587915791
005 Дата корректировки 20240131005130.0
100 Данные общей обработки __
a Данные общей обработки 20180818d2018 ||| 0rusy0189 ca
101 Язык документа 0_
a Язык текста rus
102 Страна публикации __
a Страна публикации RU
105 Кодированные данные (монография) __
a Кодированные данные (монография) y###||||000|y
200 Заглавие и сведения об ответственности 1_
a Заглавие "Красное и синее" Валентина Бобылькова
f Первые сведения об ответственности Луиза Петровна Баюра
215 Физическое описание __
c Иллюстрации/тип воспроизводства ил.
330 Аннотация __
a Аннотация Творчество художника В. Бобылькова. С.45-47: репродукции картин.
461 Уровень набора _0
1 001RU/УОНБ/EK/432749072
1 2001
a Симбирскъ
e лит. журн.
v № 3 (57)
1 2101
a Ульяновск
c МедиаЦентр
d 2018
463 Уровень физической единицы _0
1 001RU/УОНБ/EK/576164515
1 2000
a № 3 (57)
v С. 45-52.
600 Персоналии _1
a Персоналии (Фамилия) Бобыльков, Валентин Сергеевич
610 Ключевые слова 0_
a Ключевые слова творчество художников
610 Ключевые слова 0_
a Ключевые слова художники
610 Ключевые слова 0_
a Ключевые слова живопись
686 Индексы других классификаций __
a Классификационный индекс 85.14
2 Код системы rubbk
700 Автор _1
a Фамилия Баюра
b Имя (инициалы) Л. П.
g Полное личное имя Луиза Петровна
4 Код отношения 070
801 Источник записи _0
a Страна RU
b Организация Ульяновская ОНБ
c Дата составления 20180818
g Правила каталогизации RCR
801 Источник записи _1
a Страна RU
b Организация Ульяновская ОНБ
c Дата составления 20180818
g Правила каталогизации RCR
901 Тип документа __
t Тип документа c
w Контрольный № источника RU/УОНБ/EK/576164515
909 Создатель записи __
a Создатель записи Морозова Н.А.
938 Служебная информация __
a Имя БД kraeved_work
b Имя библиотеки УОНБ
c Имя АИБС МАРК-SQL
d Номер DOC_ID в БД 133075